| 000 | 00914nam a2200289Ia 4500 | ||
|---|---|---|---|
| 003 | OSt | ||
| 005 | 20220924124635.0 | ||
| 006 | a|||||r|||| 00| 0 | ||
| 007 | ta | ||
| 008 | 220923b |||||||| |||| 00| 0 san d | ||
| 020 | _a9789380171180 (pbk) | ||
| 020 | _c250 | ||
| 024 | _a266106 | ||
| 037 |
_b54, 12/06/2012, Eastern Book Linkers _cTextual |
||
| 040 |
_aARTS _cARTS _bsan |
||
| 041 |
_2san _asan |
||
| 082 | _aO15,2:g, Q0 | ||
| 100 |
_aRamakrishnamacharyulu K. V. _9196488 |
||
| 245 | 0 | _aBhanavanmayacaritam | |
| 260 |
_aNew Delhi _b Sanskrit Academy India _c2010 |
||
| 300 |
_av, 319p. _ccm. |
||
| 490 | _aSanskrit academy series; 82 | ||
| 650 | _aSANSKRIT LITERATURE | ||
| 700 |
_a Varakhedi Shrinivasa Ed. _94253 |
||
| 942 |
_hO15,2:g, Q0 _cTEXL _2CC |
||
| 999 |
_c420361 _d420361 |
||